| 000 | 00365nam a2200145Ia 4500 | ||
|---|---|---|---|
| 008 | 230312s9999||||xx |||||||||||||| ||und|| | ||
| 020 | _a81-317-0171-3 | ||
| 082 |
_a621.182 _bRAJ-E |
||
| 100 | _aRaju;G,S | ||
| 245 | 0 | _aElectromagnetic field theory and transmission lines | |
| 260 |
_aUSA _c2006 |
||
| 300 | _a584 | ||
| 650 |
_aEngineering _vAvionics |
||
| 942 | _cBK | ||
| 999 |
_c12635 _d12635 |
||